Inyección Electrónica en Motores de Gasolina
| Main Author: | |
|---|---|
| Format: | Section = Libro |
| Language: | Undetermined Spanish |
| Published: |
México
Alfaomega
1992
|
| Subjects: |
| LEADER | 00532nam a2200193Ia 4500 | ||
|---|---|---|---|
| 008 | 240829s9999 xx 000 0 und d | ||
| 020 | |a 968-6223-56-8 | ||
| 040 | |a BIBLIOTECA-RUPAP 629.253 M375 | ||
| 041 | |a spa | ||
| 082 | |a 629.253 M375 | ||
| 100 | 1 | |a Martí Perera, Albert | |
| 245 | 1 | 0 | |a Inyección Electrónica en Motores de Gasolina |
| 260 | |a México |b Alfaomega |c 1992 | ||
| 300 | |a 61 p. :il. | ||
| 650 | 7 | |a SISTEMAS DE INYECCION | |
| 650 | 7 | |b INYECCION DE GASOLINA. I. Tít. | |
| 942 | |c BK |2 ddc | ||
| 991 | |a TEXTO | ||
| 999 | |c 8502 | ||